Právna úprava družstva bakalárska práca

Gespeichert in:
Bibliographische Detailangaben
1. Verfasser: Tomková, Lucia
Körperschaft: Obchodná fakulta EU. Katedra obchodného práva
Weitere Verfasser: Holub, Dušan
Format: Buch
Sprache:Slowakisch
Veröffentlicht: Bratislava 2009
Tags: Tag hinzufügen
Keine Tags, Fügen Sie das erste Tag hinzu!

MARC

LEADER 00000nam$a2200000$$$4500
001 0096951
005 20240320075334.4
041 0 |a slo 
044 |a SK 
245 1 0 |a Právna úprava družstva  |b bakalárska práca  |c Lucia Tomková ; škol. Dušan Holub 
264 1 |a Bratislava  |c 2009 
300 |a 40 s. 
100 1 |a Tomková, Lucia 
700 1 |a Holub, Dušan 
710 2 |a Obchodná fakulta EU. Katedra obchodného práva